Premier inn quiz - Statistics

General Stats
  • This quiz has been taken 14 times
  • The average score is 9 of 17
Answer Stats
Hint Answer % Correct
Ireland
92%
Countries with Premier inn hotels UK
92%
Germany
83%
British hotel rival Travelodge
83%
Comedian in Premier inn adverts Lenny Henry
75%
What company are they owned by? Whitbread
67%
What was Premier inn originally called? Travel Inn
58%
Family room
50%
Hub by premier inn
50%
When was Premier inn founded? 1987
42%
Types of Premier inn rooms Premier plus
42%
Twin room
42%
United Arab Emirates
42%
India
33%
Other Premier inn hotel brands Zip by premier inn
33%
Accessible room
17%
Qatar
8%
No matching quizzes found
Score Distribution
Percent of People with Each Score
Percentile by Number Answered
Your Score History
You have not taken this quiz